BSOP header

Ancient civilizations activities / (Record no. 37194)

MARC details
000 -LEADER
fixed length control field 01687cam a2200337Ia 4500
001 - CONTROL NUMBER
control field 192001997
003 - CONTROL NUMBER IDENTIFIER
control field OCoLC
005 - DATE AND TIME OF LATEST TRANSACTION
control field 20140520110400.0
008 - FIXED-LENGTH DATA ELEMENTS--GENERAL INFORMATION
fixed length control field 080213r20072005caua 000 0 eng d
020 ## - INTERNATIONAL STANDARD BOOK NUMBER
International Standard Book Number 9781425803698
020 ## - INTERNATIONAL STANDARD BOOK NUMBER
International Standard Book Number 1425803695
100 1# - MAIN ENTRY--PERSONAL NAME
Personal name Sundem, Garth.
245 10 - TITLE STATEMENT
Title Ancient civilizations activities /
Statement of responsibility, etc Garth Sundem, M.M. and Kristi A. Pikiewicz.
260 ## - PUBLICATION, DISTRIBUTION, ETC. (IMPRINT)
Place of publication, distribution, etc Huntington Beach, CA :
Name of publisher, distributor, etc Shell Educational Publishing,
Date of publication, distribution, etc c2005.
300 ## - PHYSICAL DESCRIPTION
Extent 176 p. :
Other physical details ill. ;
Dimensions 28 cm.
440 #0 - SERIES STATEMENT/ADDED ENTRY--TITLE
Title Hands-on history.
500 ## - GENERAL NOTE
General note Reprinted, 2007.
500 ## - GENERAL NOTE
General note "SEP 9048."
505 1# - FORMATTED CONTENTS NOTE
Formatted contents note The first civilizations -- Ancient Mesopotamia -- Ancient Egypt -- Ancient India -- Ancient China -- Ancient Greece -- Ancient Rome.
520 ## - SUMMARY, ETC.
Summary, etc "Included are activities for seven civilizations taught in the ancient civilizations curriculum. While the goals of these activities are to create excitement and spark interest in further study, they are also firmly based in standards and include scoring guides and ideas for assessing student learning."--p. 7.
650 #0 - SUBJECT ADDED ENTRY--TOPICAL TERM
Topical term or geographic name as entry element Civilization, Ancient
General subdivision History
-- Study and teaching (Primary)
651 #0 - SUBJECT ADDED ENTRY--GEOGRAPHIC NAME
Geographic name Iraq
General subdivision Civilization
Chronological subdivision To 634
General subdivision Study and teaching (Primary)
651 #0 - SUBJECT ADDED ENTRY--GEOGRAPHIC NAME
Geographic name Egypt
General subdivision Civilization
Chronological subdivision To 332 B.C.
General subdivision Study and teaching (Primary)
651 #0 - SUBJECT ADDED ENTRY--GEOGRAPHIC NAME
Geographic name India
General subdivision Civilization
Chronological subdivision To 1200
General subdivision Study and teaching (Primary)
651 #0 - SUBJECT ADDED ENTRY--GEOGRAPHIC NAME
Geographic name China
General subdivision Civilization
Chronological subdivision To 221 B.C.
General subdivision Study and teaching (Primary)
651 #0 - SUBJECT ADDED ENTRY--GEOGRAPHIC NAME
Geographic name Rome
General subdivision Civilization
-- Study and teaching (Primary)
651 #0 - SUBJECT ADDED ENTRY--GEOGRAPHIC NAME
Geographic name Greece
General subdivision Civilization
Chronological subdivision To 146 B.C.
General subdivision Study and teaching (Primary)
700 1# - ADDED ENTRY--PERSONAL NAME
Personal name Pikiewicz, Kristi.
740 03 - ADDED ENTRY--UNCONTROLLED RELATED/ANALYTICAL TITLE
Uncontrolled related/analytical title New book titles (August, 2010)
942 ## - ADDED ENTRY ELEMENTS (KOHA)
Source of classification or shelving scheme Library of Congress Classification
Item type Books
Holdings
Withdrawn status Lost status Source of classification or shelving scheme Damaged status Not for loan Home library Current library Shelving location Date acquired Source of acquisition Cost, normal purchase price Accession number Total Checkouts Full call number Barcode Date last seen Price effective from Koha item type
    Library of Congress Classification     BSOP Library BSOP Library Reference 12/03/2013 Amazon 725.56 36295   CB311 Su7 2005 00043795 12/03/2013 12/03/2013 Books
BSOP

Biblical Seminary of the Philippines
  All rights Reserved
  © 2024

CONTACT INFORMATION

Biblical Seminary of the Philippines,
  77-B Karuhatan Road, Valenzuela City,
  PHILIPPINES 1441
  Phone: +632 8292-6795 / 8292-6798
  Fax : +632 8292-6675
  Email: library@bsop.edu.ph